000 004160000a22001690004500
041 0 _aENG
082 0 4 _aG 261.21 W8732c
100 1 _aWood, Herberto G.
245 1 0 _aCristianismo y comunismo / Herberto G. Wood
260 _aMéxico : Alba
300 _a162 Pag
001 10062
942 _cBK
999 _c39812
_d39812
336 _atexto
_btxt
_2rdacontent
337 _2rdamedia
_asin mediación
_bn
338 _2rdacarrier
_avolumen
_bnc